Descripción gráfica de la costa vasca (Record no. 145043)

MARC details
000 -LEADER
campo de control de longitud fija 00493nam a2200157 4500
001 - NÚMERO DE CONTROL
campo de control 145043
003 - IDENTIFICADOR DE NÚMERO DE CONTROL
campo de control ES-MaACL
005 - FECHA Y HORA DE LA ÚLTIMA TRANSACCIÓN
campo de control 20230906201143.0
007 - CAMPO FIJO DE DESCRIPCIÓN FÍSICA--INFORMACIÓN GENERAL
campo de control de longitud fija t|
008 - DATOS DE LONGITUD FIJA--INFORMACIÓN GENERAL
campo de control de longitud fija 070214s1961 sp r ||||1| spa d
100 1# - ENTRADA PRINCIPAL--NOMBRE DE PERSONA
Nombre de persona Sollube, I. de.
9 (RLIN) 107231
245 10 - MENCIÓN DEL TÍTULO
Título Descripción gráfica de la costa vasca
Resto del título : (130 fotografías y 6 mapas) /
Mención de responsabilidad, etc. I. de Sollube.
260 ## - PUBLICACIÓN, DISTRIBUCIÓN, ETC.
Lugar de publicación, distribución, etc. Zarauz :
Nombre del editor, distribuidor, etc. Icharopena,
Fecha de publicación, distribución, etc. [1961]
300 ## - DESCRIPCIÓN FÍSICA
Extensión 104 p., 34 lám. :
Otras características físicas fot., map. ;
Dimensiones 18 cm.
852 ## - LOCALIZACIÓN
Ubicación ES-MaACL
Número de control de estantería C-26944
Sublocalización o colección R.55033
Holdings
Estatus retirado Estado de pérdida Estado de daño No para préstamo Biblioteca de origen Biblioteca actual Ubicación en estantería Fecha de adquisición Fuente de adquisición Total de préstamos Signatura topográfica completa Código de barras Visto por última vez Precio de reemplazo Tipo de ítem Koha
        Biblioteca del Ateneo de Madrid Biblioteca del Ateneo de Madrid Depósito 2 17/01/2008     C-26944 1151405 23/02/2023 23/02/2023 Libro impreso